| 000 | 004350000a22001930004500 | ||
|---|---|---|---|
| 001 | 217 | ||
| 003 | CO-MdFUSB | ||
| 005 | 20170607103502.0 | ||
| 008 | 170607b xxu||||| |||| 00| 0 eng d | ||
| 020 | _a958-04-8312-4 | ||
| 040 | _cCO-MdBIC | ||
| 082 | 0 | 4 | _a863C B862sh |
| 100 | 1 | _aWillis, Jeanne | |
| 245 | 1 | 0 | _aShhh / Jeanne Willis |
| 260 | _aBogotá: Norma | ||
| 300 | _a26 P. | ||
| 650 | 1 | 4 | _aLiteratura infantil |
| 942 | _cLGB | ||
| 999 |
_c47474 _d47474 |
||